[Event "18. Blankenburger Schachturnier, A-Gr."]
[Site "?"]
[Date "2013.10.03"]
[Round "1.1"]
[White "Kasper, Mike"]
[Black "Jahnel, Günther"]
[Result "1/2-1/2"]
[WhiteElo "1917"]
[BlackElo "2301"]
[PlyCount "197"]

1. e4 d6 2. d4 Nf6 3. Bd3 e5 4. Ne2 g6 5. O-O Bg7 6. f4 O-O 7. Nd2 Nbd7 8. c3
Qe7 9. Ng3 c5 10. fxe5 dxe5 11. d5 Ne8 12. a4 Nd6 13. Nc4 Nxc4 14. Bxc4 Nb6 15.
Ba2 Bd7 16. a5 Nc8 17. Be3 Qd6 18. Qc2 b6 19. axb6 axb6 20. Bb3 Qb8 21. Rxa8
Qxa8 22. Re1 Nd6 23. Qe2 Qa5 24. Bg5 f6 25. Bc1 Ra8 26. Nf1 Bb5 27. Qg4 Re8 28.
Ne3 Qa7 29. Qh4 Bd3 30. Bc2 Qa6 31. Qg4 f5 32. exf5 gxf5 33. Qd1 c4 34. Qh5 Rf8
35. Bxd3 cxd3 36. Rf1 Qc8 37. Qg5 Qc5 38. Kh1 Ne4 39. Qh5 f4 40. Nf5 d2 41.
Bxd2 Nxd2 42. b4 Rxf5 43. Qxf5 Qxd5 44. Qc8+ Bf8 45. Rd1 f3 46. Qg4+ Kh8 47.
gxf3 Qxf3+ 48. Qxf3 Nxf3 49. Kg2 Ng5 50. Rd8 Kg7 51. Rb8 Ne4 52. Rxb6 Nxc3 53.
Re6 e4 54. b5 Kf7 55. Rb6 Be7 56. Rh6 Nxb5 57. Rxh7+ Ke6 58. Rh5 Nc3 59. Kf2
Nd5 60. Rh6+ Ke5 61. Ra6 Bc5+ 62. Ke1 Nf4 63. Ra8 Bb4+ 64. Kf1 e3 65. Re8+ Kd4
66. h4 Kd3 67. Rd8+ Ke4 68. Re8+ Kf3 69. h5 Nxh5 70. Rxe3+ Kxe3 71. Kg2 Nf4+
72. Kg1 Bd6 73. Kh2 Nd3+ 74. Kg2 Be5 75. Kf1 Nf2 76. Kg2 Ne4 77. Kf1 Kf3 78.
Kg1 Nd2 79. Kh1 Bd4 80. Kh2 Nf1+ 81. Kh1 Ng3+ 82. Kh2 Be3 83. Kh3 Bg1 84. Kh4
Ne4 85. Kh3 Ng5+ 86. Kh4 Kf4 87. Kh5 Kf5 88. Kh4 Bf2+ 89. Kh5 Ne4 90. Kh6 Bg3
91. Kg7 Bd6 92. Kh6 Be7 93. Kh5 Nc5 94. Kh6 Nd7 95. Kh5 Ne5 96. Kh6 Bc5 97. Kh5
Nd7 98. Kh4 Bf2+ 99. Kh3 1/2-1/2

[Event "18. Blankenburger Schachturnier, A-Gr."]
[Site "?"]
[Date "2013.10.03"]
[Round "1.2"]
[White "Paul, Johannes"]
[Black "Zerfass, Otfried"]
[Result "1-0"]
[WhiteElo "2238"]
[BlackElo "1913"]
[PlyCount "47"]

1. c4 Nf6 2. g3 g6 3. Bg2 Bg7 4. Nc3 O-O 5. d4 d6 6. Nf3 Nbd7 7. O-O e5 8. h3
exd4 9. Nxd4 Re8 10. e4 Nc5 11. Re1 a5 12. b3 Nfd7 13. Be3 Ne5 14. Qc2 Bd7 15.
Rad1 Qc8 16. Kh2 b6 17. Nd5 Qb7 18. Bg5 Kh8 19. Bf6 Nc6 20. Qc3 Bxf6 21. Nxf6
Nxd4 22. Qxd4 Ne6 23. Qc3 Red8 24. Nxd7+ 1-0

[Event "18. Blankenburger Schachturnier, A-Gr."]
[Site "?"]
[Date "2013.10.03"]
[Round "1.3"]
[White "Hielscher, Ursula"]
[Black "Kesik, Klaus-Dieter"]
[Result "0-1"]
[WhiteElo "1891"]
[BlackElo "2233"]
[PlyCount "62"]

1. d4 Nf6 2. c4 a6 3. Nc3 c5 4. d5 e5 5. dxe6 fxe6 6. Bg5 Be7 7. e3 O-O 8. Nf3
Nc6 9. Bd3 b5 10. cxb5 Nb4 11. Bb1 axb5 12. Nxb5 Ba6 13. Nc3 d5 14. Ne2 Qc7 15.
Bf4 Qa5 16. O-O Ne4 17. Re1 Bf6 18. Be5 Nxf2 19. Kxf2 Bxe5 20. Qc1 Qb6 21. Kg1
Bf6 22. a3 Nd3 23. Bxd3 Bxd3 24. Nc3 Rfb8 25. Nd1 h6 26. Qd2 Be4 27. Rc1 Bxb2
28. Nxb2 Qxb2 29. Qxb2 Rxb2 30. Rxc5 Bxf3 31. gxf3 Rxa3 0-1

[Event "18. Blankenburger Schachturnier, A-Gr."]
[Site "?"]
[Date "2013.10.03"]
[Round "1.4"]
[White "Tonndorf, Matthias"]
[Black "Kalliwoda, Enrico"]
[Result "1-0"]
[WhiteElo "2222"]
[BlackElo "1873"]
[PlyCount "57"]

1. e4 c5 2. Nf3 d6 3. d4 cxd4 4. Nxd4 Nf6 5. Nc3 a6 6. f4 e6 7. Qf3 Qc7 8. g4
e5 9. Nf5 g6 10. Ne3 Bg7 11. g5 Nh5 12. Ned5 Qd8 13. f5 f6 14. Be3 Nd7 15. h4
b5 16. O-O-O Bb7 17. Rg1 Bxd5 18. Nxd5 Nf4 19. Nxf4 exf4 20. Bxf4 Qb6 21. Bh3
Ne5 22. Qg3 O-O-O 23. fxg6+ Kb7 24. Bxe5 dxe5 25. gxh7 Rxh7 26. Rxd8 Qxd8 27.
Rd1 Qe8 28. Bf5 Rh8 29. Rd7+ 1-0

[Event "18. Blankenburger Schachturnier, A-Gr."]
[Site "?"]
[Date "2013.10.03"]
[Round "1.5"]
[White "Fleischmann, Torsten"]
[Black "Kahe, Ralph"]
[Result "0-1"]
[WhiteElo "1868"]
[BlackElo "2205"]
[PlyCount "30"]

1. d4 Nf6 2. c4 g6 3. Nc3 Bg7 4. e4 d6 5. f4 O-O 6. Bd3 Nc6 7. d5 Nb4 8. Bb1 e6
9. Nf3 exd5 10. cxd5 Re8 11. O-O c6 12. Qd4 Nfxd5 13. Qc4 Qb6+ 14. Kh1 Nxc3 15.
bxc3 Be6 0-1

[Event "18. Blankenburger Schachturnier, A-Gr."]
[Site "?"]
[Date "2013.10.03"]
[Round "1.6"]
[White "Stanke, Achim"]
[Black "Ziervogel, Alexander"]
[Result "1/2-1/2"]
[WhiteElo "2158"]
[BlackElo "1797"]
[PlyCount "48"]

1. d4 Nf6 2. g3 g6 3. Bg2 Bg7 4. c4 d6 5. Nf3 O-O 6. Nc3 Nbd7 7. O-O Re8 8. h3
c6 9. Be3 Nb6 10. b3 d5 11. Ne5 Be6 12. Rb1 Qc8 13. cxd5 Nfxd5 14. Nxd5 Nxd5
15. Bd2 Bxh3 16. e4 Bxg2 17. Kxg2 Nb6 18. Qc2 Qe6 19. Nf3 Red8 20. Be3 Nc8 21.
Rh1 h5 22. Rbd1 Nd6 23. Ng5 Qd7 24. a4 Rac8 1/2-1/2

[Event "18. Blankenburger Schachturnier, A-Gr."]
[Site "?"]
[Date "2013.10.03"]
[Round "1.7"]
[White "Fahsel, Nico"]
[Black "Bauer, Burkhard"]
[Result "0-1"]
[WhiteElo "1766"]
[BlackElo "2123"]
[PlyCount "64"]

1. e4 c5 2. Nf3 Nc6 3. d4 cxd4 4. Nxd4 e6 5. Be3 a6 6. Be2 Qc7 7. O-O Nf6 8.
Nd2 d5 9. Nxc6 bxc6 10. exd5 cxd5 11. c4 Bd6 12. h3 O-O 13. Rc1 Qe7 14. Nf3 Rb8
15. c5 Bc7 16. Qc2 e5 17. Bg5 e4 18. Ne1 Qe5 19. f4 Qd4+ 20. Kh1 Rxb2 21. Qd1
Qxd1 22. Bxd1 d4 23. Bb3 d3 24. Rc4 Re8 25. Rb4 Kf8 26. f5 Re2 27. Bc4 Nh5 28.
Bh4 Bg3 29. Bxg3 Nxg3+ 30. Kg1 Nxf1 31. Kxf1 a5 32. Ra4 Rb2 0-1

[Event "18. Blankenburger Schachturnier, A-Gr."]
[Site "?"]
[Date "2013.10.03"]
[Round "1.8"]
[White "Nestler, Reiner"]
[Black "Schomann, Michael"]
[Result "1-0"]
[WhiteElo "2101"]
[BlackElo "1753"]
[PlyCount "67"]

1. d4 d5 2. c4 e6 3. Nc3 Nf6 4. Bg5 c6 5. e3 Nbd7 6. Nf3 Bd6 7. Bd3 Qa5 8. O-O
O-O 9. a3 dxc4 10. Bxc4 a6 11. e4 e5 12. d5 cxd5 13. Nxd5 Nxd5 14. Bxd5 Qb6 15.
b4 Nf6 16. Bxf6 gxf6 17. Nd2 Kh8 18. Qf3 Qd8 19. Nc4 Be6 20. Rfd1 f5 21. Bxe6
fxe6 22. Nxd6 Qg5 23. exf5 exf5 24. Qxb7 Qg6 25. Qe7 e4 26. Qe5+ Kg8 27. Rac1
Rad8 28. Nc4 Rde8 29. Qg3 f4 30. Qxg6+ hxg6 31. Re1 Rf6 32. Rcd1 Rc6 33. Rd4
Rec8 34. Rexe4 1-0

[Event "18. Blankenburger Schachturnier, A-Gr."]
[Site "?"]
[Date "2013.10.03"]
[Round "1.9"]
[White "Gröbel, Aaron"]
[Black "Michael, Dirk"]
[Result "1-0"]
[WhiteElo "1666"]
[BlackElo "2095"]
[PlyCount "81"]

1. e4 e5 2. Nf3 d6 3. Bc4 g6 4. Nc3 Bg7 5. d3 c6 6. O-O Qe7 7. Be3 Bg4 8. h3
Bd7 9. Ng5 Nh6 10. f4 f6 11. Nf3 exf4 12. Bxf4 g5 13. Bh2 g4 14. hxg4 Nxg4 15.
Bf4 b5 16. Bb3 Na6 17. Nd4 f5 18. Nxf5 Bxf5 19. exf5 Bd4+ 20. Rf2 Qh4 21. Qe2+
Kd8 22. Ne4 Re8 23. Be6 Nxf2 24. Bg5+ Qxg5 25. Nxg5 Nh3+ 26. Kf1 Nxg5 27. Qg4
Bf6 28. Qf4 Kc7 29. Re1 Nc5 30. d4 Ncxe6 31. fxe6 Rf8 32. Kg1 Be7 33. Qg3 Rg8
34. Qc3 b4 35. Qd3 d5 36. Re3 Rg6 37. c4 bxc3 38. Qxc3 Ne4 39. Qa5+ Kd6 40.
Rxe4 dxe4 41. Qe5# 1-0

[Event "18. Blankenburger Schachturnier, A-Gr."]
[Site "?"]
[Date "2013.10.03"]
[Round "1.10"]
[White "Rutz, Matthias"]
[Black "Loos, Tobias"]
[Result "1-0"]
[WhiteElo "2073"]
[BlackElo "1596"]
[PlyCount "37"]

1. d4 e6 2. Nf3 Nf6 3. Bg5 d5 4. e3 Be7 5. Nbd2 Nbd7 6. Bd3 O-O 7. O-O c5 8. c3
b6 9. Ne5 Bb7 10. Qf3 Qc7 11. Qh3 Nxe5 12. dxe5 Ne4 13. Bxe7 Qxe7 14. f3 Ng5
15. Qh5 f5 16. exf6 Qxf6 17. h4 Nh3+ 18. gxh3 g6 19. Qg5 1-0

[Event "18. Blankenburger Schachturnier, A-Gr."]
[Site "?"]
[Date "2013.10.03"]
[Round "2.1"]
[White "Khudovekov, Stanislav"]
[Black "Paul, Johannes"]
[Result "0-1"]
[WhiteElo "2048"]
[BlackElo "2238"]
[PlyCount "80"]

1. Nf3 Nf6 2. g3 b6 3. Bg2 Bb7 4. O-O e6 5. c4 c5 6. b3 Be7 7. Bb2 O-O 8. Nc3
d5 9. e3 Nbd7 10. cxd5 exd5 11. d4 Re8 12. Qd2 Ne4 13. Qe2 Bf6 14. Rfd1 Qe7 15.
Rac1 Rad8 16. dxc5 Ndxc5 17. b4 Bxc3 18. Bxc3 Nxc3 19. Rxc3 Ne4 20. Rb3 Rc8 21.
Qb2 Rc4 22. Bf1 Rec8 23. Nd4 R4c7 24. Bh3 Re8 25. Rc1 Rc4 26. b5 Qc5 27. Rd1
Nc3 28. Ra1 Qc7 29. Bf1 Rc5 30. a4 Ne4 31. a5 bxa5 32. Rba3 Nd6 33. Rxa5 Nc4
34. Bxc4 dxc4 35. Rxa7 c3 36. Qb3 Qb6 37. R7a3 Rec8 38. Rc1 Qg6 39. Qc2 Qh5 40.
Qd3 Qxh2+ 0-1

[Event "18. Blankenburger Schachturnier, A-Gr."]
[Site "?"]
[Date "2013.10.03"]
[Round "2.2"]
[White "Kesik, Klaus-Dieter"]
[Black "Rutz, Matthias"]
[Result "1-0"]
[WhiteElo "2233"]
[BlackElo "2073"]
[PlyCount "89"]

1. d4 d5 2. Nf3 Nf6 3. g3 e6 4. Bg2 Be7 5. O-O O-O 6. c4 Nbd7 7. Qc2 c6 8. Nc3
b6 9. Rd1 Bb7 10. e4 Rc8 11. e5 Ne8 12. cxd5 cxd5 13. Qe2 Nb8 14. h4 Ba6 15.
Qe1 Nc6 16. Bg5 Qd7 17. Rac1 Na5 18. Bf1 Bxf1 19. Qxf1 Bb4 20. Qd3 Nc4 21. Qb1
Nc7 22. a3 Be7 23. Bxe7 Qxe7 24. Ng5 g6 25. Nce4 Ne8 26. Nd2 Nxd2 27. Rxd2 Ng7
28. Rdc2 Qd7 29. b4 Nf5 30. Nf3 h5 31. Qb2 a6 32. Qb3 Ne7 33. Qd3 Rxc2 34. Rxc2
Rc8 35. Kg2 Rxc2 36. Qxc2 Nf5 37. Qc3 Kg7 38. Qd2 Qe7 39. Qd3 b5 40. Qc3 Qa7
41. Kf1 Ne7 42. Nd2 Qb7 43. Nb3 Nc8 44. Nc5 Qc7 45. Nxe6+ 1-0

[Event "18. Blankenburger Schachturnier, A-Gr."]
[Site "?"]
[Date "2013.10.03"]
[Round "2.3"]
[White "Prüsse, Horst"]
[Black "Tonndorf, Matthias"]
[Result "0-1"]
[WhiteElo "2010"]
[BlackElo "2222"]
[PlyCount "70"]

1. e4 c5 2. Nc3 e6 3. f4 d5 4. Nf3 dxe4 5. Nxe4 Be7 6. d3 Nf6 7. Be3 Nd5 8. Bd2
Nc6 9. g3 Qb6 10. Rb1 f5 11. Nc3 O-O 12. Bg2 a6 13. a3 Bf6 14. Na4 Qa7 15. c4
Nde7 16. O-O b5 17. Nc3 Rb8 18. Re1 Rd8 19. Qe2 Qd7 20. Bf1 Nd4 21. Nxd4 cxd4
22. Nd1 bxc4 23. Ba5 cxd3 24. Qxd3 Re8 25. Bg2 Nc6 26. Bd2 Nd8 27. Rc1 Bb7 28.
Bxb7 Qxb7 29. b4 Nf7 30. Nb2 Nd6 31. Na4 Qb5 32. Qxb5 axb5 33. Nc5 Nc4 34. Re2
d3 35. Nxd3 Nxd2 0-1

[Event "18. Blankenburger Schachturnier, A-Gr."]
[Site "?"]
[Date "2013.10.03"]
[Round "2.4"]
[White "Kahe, Ralph"]
[Black "Nestler, Reiner"]
[Result "1-0"]
[WhiteElo "2205"]
[BlackElo "2101"]
[PlyCount "135"]

1. d4 Nf6 2. c4 g6 3. Nc3 Bg7 4. e4 d6 5. f3 O-O 6. Nge2 e5 7. Bg5 c6 8. d5 h6
9. Be3 Ne8 10. Qd2 Kh7 11. dxc6 bxc6 12. c5 Qh4+ 13. Bf2 Qf6 14. O-O-O dxc5 15.
Bxc5 Rg8 16. Be3 Nd7 17. h4 Qe7 18. h5 g5 19. Ng3 Nb6 20. Qc2 Be6 21. Rd2 Bf6
22. Be2 Ng7 23. Rhd1 Rgd8 24. Rxd8 Rxd8 25. Rxd8 Qxd8 26. Na4 Nc8 27. b3 Qe7
28. Nc5 Qc7 29. Qd2 Be7 30. Nxe6 Nxe6 31. Nf5 Ba3+ 32. Kc2 c5 33. Qc3 Bb4 34.
Qc4 Nb6 35. Qb5 Nd4+ 36. Bxd4 cxd4+ 37. Bc4 a5 38. Kd3 Nd7 39. Ke2 Nc5 40. Qe8
Ne6 41. Kf2 g4 42. Kg3 Ng5 43. Nh4 Be1+ 44. Kxg4 Bxh4 45. Kxh4 Kg7 46. Kg3 Nh7
47. Qb5 Nf6 48. Kf2 Nxh5 49. g3 Nf6 50. b4 axb4 51. Qxb4 Ne8 52. Qb5 Qe7 53.
Kg2 Nc7 54. Qa5 h5 55. a4 Qd6 56. Qd2 f6 57. a5 Qc5 58. Qa2 Qd6 59. Qb3 Qc5 60.
a6 Kh6 61. Qa2 Na8 62. a7 Nb6 63. Be2 Na8 64. Qf7 Qc6 65. Bc4 Nb6 66. Qf8+ Kh7
67. Bg8+ Kg6 68. Bf7+ 1-0

[Event "18. Blankenburger Schachturnier, A-Gr."]
[Site "?"]
[Date "2013.10.03"]
[Round "2.5"]
[White "Bauer, Burkhard"]
[Black "Gröbel, Aaron"]
[Result "1/2-1/2"]
[WhiteElo "2123"]
[BlackElo "1666"]
[PlyCount "87"]

1. Nf3 Nf6 2. g3 g6 3. Bg2 Bg7 4. c4 O-O 5. Nc3 d6 6. d4 c5 7. d5 Nbd7 8. O-O
Nb6 9. Nd2 Bd7 10. Qc2 Qc8 11. Re1 Bh3 12. Bh1 Ng4 13. Nd1 Ne5 14. a4 Qg4 15.
f4 Ned7 16. Nf2 Qh5 17. a5 Nc8 18. Bf3 Qh6 19. Nb3 f5 20. Bd2 Nf6 21. Bc3 b6
22. Nd2 a6 23. axb6 Nxb6 24. b3 Nbd7 25. Qb2 Bg4 26. Nxg4 fxg4 27. Bg2 Rf7 28.
e4 g5 29. f5 Nh5 30. Bxg7 Qxg7 31. Qxg7+ Kxg7 32. Ra4 Ra7 33. Rea1 Nb8 34. b4
cxb4 35. Rxb4 Nd7 36. Nb3 Rf8 37. Nd4 Kf7 38. Ne6 Rg8 39. Ra5 h6 40. Kf2 Ng7
41. Ke3 Ne5 42. Kd4 Rc8 43. Rba4 Rb7 44. c5 1/2-1/2

[Event "18. Blankenburger Schachturnier, A-Gr."]
[Site "?"]
[Date "2013.10.03"]
[Round "2.7"]
[White "Jahnel, Günther"]
[Black "Homburg, David"]
[Result "1-0"]
[WhiteElo "2301"]
[BlackElo "2021"]
[PlyCount "59"]

1. d4 Nf6 2. c4 e6 3. Nc3 Bb4 4. Nf3 O-O 5. Bg5 d5 6. e3 c6 7. Rc1 Nbd7 8. Bd3
Be7 9. O-O h6 10. Bh4 dxc4 11. Bxc4 Nd5 12. Bg3 N7f6 13. Bd3 Nb6 14. Bb1 Re8
15. Qc2 Nbd7 16. Nb5 e5 17. dxe5 cxb5 18. exf6 Nxf6 19. Rfd1 Qa5 20. Bc7 Qa4
21. b3 Qa6 22. e4 g6 23. Qd2 Bf8 24. e5 Nh7 25. Qf4 Be6 26. h4 h5 27. Nd4 b4
28. Nxe6 Qxe6 29. Be4 Qa6 30. Qf3 1-0

[Event "18. Blankenburger Schachturnier, A-Gr."]
[Site "?"]
[Date "2013.10.03"]
[Round "2.8"]
[White "Ziervogel, Alexander"]
[Black "Kasper, Mike"]
[Result "1/2-1/2"]
[WhiteElo "1797"]
[BlackElo "1917"]
[PlyCount "37"]

1. d4 e6 2. c4 d5 3. Nc3 c5 4. Nf3 Nf6 5. e3 Nc6 6. a3 a6 7. Be2 dxc4 8. Bxc4
Be7 9. O-O O-O 10. dxc5 Bxc5 11. b4 Be7 12. Qe2 b5 13. Bb3 Qc7 14. Bb2 Bb7 15.
Rac1 Qb6 16. Rfd1 Rad8 17. h3 Rxd1+ 18. Rxd1 Rd8 19. Rxd8+ 1/2-1/2

[Event "18. Blankenburger Schachturnier, A-Gr."]
[Site "?"]
[Date "2013.10.03"]
[Round "2.10"]
[White "Michael, Dirk"]
[Black "Fahsel, Nico"]
[Result "0-1"]
[WhiteElo "2095"]
[BlackElo "1766"]
[PlyCount "67"]

1. c4 e6 2. Nf3 d5 3. e3 Nf6 4. b3 Bd6 5. Be2 Nbd7 6. Bb2 O-O 7. d3 c5 8. Nbd2
b6 9. Qc2 Qc7 10. Rc1 Bb7 11. cxd5 Nxd5 12. d4 f5 13. Qb1 Rae8 14. Qa1 e5 15.
dxc5 Nxc5 16. Nc4 e4 17. Nfe5 f4 18. Bd4 Nb4 19. Nxd6 Qxd6 20. Bc4+ Bd5 21. a3
Nbd3+ 22. Nxd3 Nxd3+ 23. Bxd3 exd3 24. Qc3 fxe3 25. Bxe3 Bxg2 26. Rg1 Qxh2 27.
Qc4+ Kh8 28. Kd2 Rxe3 29. Kxe3 Qh3+ 30. Kd2 Rxf2+ 31. Kc3 d2+ 32. Kb4 dxc1=Q
33. Rxc1 a5+ 34. Ka4 0-1

[Event "18. Blankenburger Schachturnier, A-Gr."]
[Site "?"]
[Date "2013.10.03"]
[Round "2.12"]
[White "Schomann, Michael"]
[Black "Hielscher, Ursula"]
[Result "0-1"]
[WhiteElo "1753"]
[BlackElo "1891"]
[PlyCount "98"]

1. d4 Nf6 2. c4 g6 3. Nc3 Bg7 4. e4 d6 5. Bd3 Nc6 6. Nge2 O-O 7. f3 Nd7 8. Be3
a6 9. a3 e5 10. d5 Ne7 11. Ng3 Nb8 12. Qc2 f5 13. exf5 Nxf5 14. Nxf5 Bxf5 15.
Ne4 c6 16. Bg5 Qc7 17. Qd2 Nd7 18. Be7 Bxe4 19. Bxf8 Bxd3 20. Bxg7 Nc5 21. Qh6
Qxg7 22. Qxg7+ Kxg7 23. dxc6 bxc6 24. Rc1 Bf5 25. O-O a5 26. b4 axb4 27. axb4
Nd3 28. Rcd1 e4 29. b5 cxb5 30. cxb5 Rb8 31. fxe4 Bxe4 32. Rb1 Ne5 33. Rb4 Bd3
34. Rd1 Kf7 35. b6 Ke6 36. Rc1 Nd7 37. Rd4 Ne5 38. Rb4 Bc4 39. Rc3 d5 40. Ra3
Kd6 41. Ra7 Nc6 42. Rxc4 dxc4 43. Rxh7 Rxb6 44. Rh6 Ne5 45. Kf1 Kd5 46. Ke1 Rb2
47. Kf1 c3 48. Rh8 c2 49. Rd8+ Ke4 0-1

[Event "18. Blankenburger Schachturnier, A-Gr."]
[Site "?"]
[Date "2013.10.03"]
[Round "2.14"]
[White "Loos, Tobias"]
[Black "Fleischmann, Torsten"]
[Result "0-1"]
[WhiteElo "1596"]
[BlackElo "1868"]
[PlyCount "68"]

1. d4 d5 2. Nf3 Nf6 3. e3 Bg4 4. c4 e6 5. Qb3 Qc8 6. Ne5 Bf5 7. Nc3 c6 8. Be2
Bd6 9. O-O O-O 10. g4 Bxe5 11. gxf5 Bc7 12. cxd5 cxd5 13. Bf3 Nc6 14. Bg2 a6
15. f4 Qd7 16. fxe6 fxe6 17. Bh3 Kh8 18. Rf3 b5 19. Qc2 Bb6 20. Bf1 Bxd4 21.
Rh3 Bb6 22. Qg2 d4 23. Ne4 dxe3 24. Bxe3 Bxe3+ 25. Rxe3 Nd5 26. Rd3 Rxf4 27.
Ng5 Ne5 28. Qh3 h6 29. Nxe6 Rg4+ 30. Rg3 Qxe6 31. Re1 Nf4 32. Qxg4 Qb6+ 33. Kh1
Nxg4 34. Rxg4 Qf2 0-1

[Event "18. Blankenburger Schachturnier, A-Gr."]
[Site "?"]
[Date "2013.10.04"]
[Round "3.2"]
[White "Tonndorf, Matthias"]
[Black "Kesik, Klaus-Dieter"]
[Result "1-0"]
[WhiteElo "2222"]
[BlackElo "2233"]
[PlyCount "83"]

1. e4 Nf6 2. e5 Nd5 3. d4 d6 4. Bc4 Nb6 5. Bb3 g6 6. Qf3 d5 7. Nc3 c6 8. h4 h5
9. Nge2 Bg4 10. Qg3 Qd7 11. f3 Bf5 12. Bf4 Na6 13. O-O-O Nc7 14. Qf2 Bg7 15.
Kb1 Nc4 16. Bc1 b5 17. Rhf1 Rf8 18. Ng3 Na5 19. Nxf5 Qxf5 20. Qe2 Qd7 21. g4
Rh8 22. g5 e6 23. Bd2 Nxb3 24. cxb3 Ke7 25. Rc1 Rhc8 26. Nd1 a5 27. Nf2 Bf8 28.
Rc2 b4 29. Nd3 Ke8 30. Rfc1 Na6 31. Be3 Rc7 32. f4 Nb8 33. f5 exf5 34. Nf4 Qd8
35. e6 Re7 36. Qf3 Bg7 37. Nxd5 Rxe6 38. Nf6+ Bxf6 39. gxf6 Qd5 40. Qxd5 cxd5
41. Rc8+ Kd7 42. R1c7+ 1-0

[Event "18. Blankenburger Schachturnier, A-Gr."]
[Site "?"]
[Date "2013.10.04"]
[Round "3.3"]
[White "Bauer, Burkhard"]
[Black "Kahe, Ralph"]
[Result "1/2-1/2"]
[WhiteElo "2123"]
[BlackElo "2205"]
[PlyCount "68"]

1. d4 Nf6 2. Nf3 g6 3. Bf4 Bg7 4. h3 O-O 5. e3 c5 6. c3 b6 7. Nbd2 Bb7 8. Be2
d6 9. O-O Nbd7 10. a4 h6 11. Bh2 Re8 12. Nc4 a6 13. b4 cxb4 14. cxb4 Rc8 15.
Rc1 Bd5 16. Ncd2 Rxc1 17. Qxc1 Qa8 18. Qa3 Rc8 19. Rc1 Qb7 20. Bf1 Rc6 21. b5
axb5 22. axb5 Rc7 23. Rxc7 Qxc7 24. Qa1 Ne4 25. Nxe4 Bxe4 26. Nd2 Bd5 27. Bg3
Nf6 28. f3 Nh5 29. Bf2 Qc2 30. Qe1 e5 31. g4 Nf6 32. e4 Bb7 33. d5 Nd7 34. Nc4
Bf8 1/2-1/2

[Event "18. Blankenburger Schachturnier, A-Gr."]
[Site "?"]
[Date "2013.10.04"]
[Round "3.4"]
[White "Gröbel, Aaron"]
[Black "Jahnel, Günther"]
[Result "0-1"]
[WhiteElo "1666"]
[BlackElo "2301"]
[PlyCount "94"]

1. e4 d6 2. d4 Nf6 3. Nc3 g6 4. Nf3 Bg7 5. Bc4 c6 6. O-O b5 7. Bd3 O-O 8. h3
Nbd7 9. a3 e5 10. dxe5 dxe5 11. Be3 a6 12. Qd2 Qe7 13. Ng5 h6 14. Nf3 Kh7 15.
Nh4 Nh5 16. g3 Ndf6 17. Kg2 c5 18. Rad1 Bb7 19. f3 Rfd8 20. Qc1 Bf8 21. Be2 Bc6
22. Rxd8 Rxd8 23. Rd1 b4 24. axb4 cxb4 25. Rxd8 Qxd8 26. Nd1 Nxg3 27. Kxg3 Nh5+
28. Kh2 Qxh4 29. Bf2 Qf6 30. Be3 Bd7 31. Nf2 Qh4 32. Qg1 a5 33. Qg2 Nf4 34.
Bxf4 Qxf4+ 35. Qg3 Qd2 36. Bc4 Bc5 37. Kg2 Bxf2 38. Qxf2 Bxh3+ 39. Kg3 Qxf2+
40. Kxf2 Kg7 41. Bb3 Bd7 42. Ke3 a4 43. Bd5 h5 44. Kf2 h4 45. Kg2 a3 46. bxa3
bxa3 47. c3 Be6 0-1

[Event "18. Blankenburger Schachturnier, A-Gr."]
[Site "?"]
[Date "2013.10.04"]
[Round "3.6"]
[White "Rutz, Matthias"]
[Black "Ziervogel, Alexander"]
[Result "1-0"]
[WhiteElo "2073"]
[BlackElo "1797"]
[PlyCount "69"]

1. d4 Nf6 2. Bg5 Ne4 3. Bf4 d5 4. e3 Bf5 5. Bd3 e6 6. Nd2 Nd7 7. Bxe4 dxe4 8.
Ne2 c5 9. c3 Bg6 10. Ng3 f5 11. Nc4 Nb6 12. Ne5 c4 13. Nxc4 Nxc4 14. Qa4+ Qd7
15. Qxc4 Be7 16. Be5 Rc8 17. Qb3 O-O 18. Ne2 Bf7 19. O-O Bf6 20. Bxf6 gxf6 21.
Rac1 Kh8 22. c4 Rg8 23. Nf4 Rg4 24. Rfd1 Rcg8 25. g3 h5 26. Qb5 Qe7 27. Qc5 Qe8
28. Qd6 Kh7 29. c5 h4 30. c6 bxc6 31. Rxc6 hxg3 32. hxg3 R8g7 33. Kg2 Bh5 34.
Rh1 R7g5 35. Qxe6 1-0

[Event "18. Blankenburger Schachturnier, A-Gr."]
[Site "?"]
[Date "2013.10.04"]
[Round "3.7"]
[White "Hielscher, Ursula"]
[Black "Khudovekov, Stanislav"]
[Result "0-1"]
[WhiteElo "1891"]
[BlackElo "2048"]
[PlyCount "46"]

1. d4 f5 2. Bg5 g6 3. Nc3 Bg7 4. e4 fxe4 5. Nxe4 d5 6. Nc5 b6 7. Nb3 Qd6 8. c3
Nf6 9. Bd3 O-O 10. Qe2 c5 11. dxc5 bxc5 12. O-O-O Nbd7 13. Nf3 Nb6 14. Nbd2 Rb8
15. Bh4 Na4 16. Nc4 Qf4+ 17. Ncd2 Nxb2 18. Bg3 Nxd3+ 19. Qxd3 Qa4 20. Bxb8 Qa3+
21. Kb1 Bf5 22. Qxf5 Rxb8+ 23. Kc2 gxf5 0-1

[Event "18. Blankenburger Schachturnier, A-Gr."]
[Site "?"]
[Date "2013.10.04"]
[Round "3.8"]
[White "Fleischmann, Torsten"]
[Black "Prüsse, Horst"]
[Result "0-1"]
[WhiteElo "1868"]
[BlackElo "2010"]
[PlyCount "50"]

1. d4 Nf6 2. c4 e6 3. Nc3 Bb4 4. Bg5 c5 5. Rc1 cxd4 6. Qxd4 Nc6 7. Bxf6 Nxd4 8.
Bxd8 Kxd8 9. a3 Nb3 10. Rc2 Ba5 11. g3 d5 12. e3 e5 13. Kd1 d4 14. exd4 exd4
15. Ne4 Bd7 16. Bd3 Ba4 17. Ne2 Kd7 18. f3 Rad8 19. Rf1 h6 20. Nxd4 Nxd4 21.
Nc5+ Kc8 22. Nxa4 Nb3 23. Rc3 Bxc3 24. bxc3 Rxd3+ 25. Kc2 Nd2 0-1

[Event "18. Blankenburger Schachturnier, A-Gr."]
[Site "?"]
[Date "2013.10.04"]
[Round "3.10"]
[White "Fahsel, Nico"]
[Black "Homburg, David"]
[Result "0-1"]
[WhiteElo "1766"]
[BlackElo "2021"]
[PlyCount "38"]

1. e4 c5 2. c3 d5 3. e5 e6 4. d4 Nc6 5. Nf3 Qb6 6. Be2 Nge7 7. b3 Nf5 8. Be3
cxd4 9. Nxd4 Ncxd4 10. cxd4 Bb4+ 11. Kf1 Nxe3+ 12. fxe3 f6 13. Bd3 O-O 14. Qh5
fxe5+ 15. Kg1 e4 16. Be2 Qc7 17. h4 Qc1+ 18. Kh2 Bd6+ 19. g3 Rf2+ 0-1

[Event "18. Blankenburger Schachturnier, A-Gr."]
[Site "?"]
[Date "2013.10.04"]
[Round "3.11"]
[White "Stanke, Achim"]
[Black "Zerfass, Ottfried"]
[Result "1-0"]
[WhiteElo "2158"]
[BlackElo "1913"]
[PlyCount "73"]

1. d4 Nf6 2. g3 g6 3. Bg2 Bg7 4. c3 O-O 5. Nh3 d6 6. O-O Nbd7 7. f3 c5 8. Nf2
cxd4 9. cxd4 Rb8 10. Na3 b5 11. Nc2 Bb7 12. e4 a5 13. Be3 Nb6 14. b3 Nfd7 15.
Qd2 b4 16. a3 bxa3 17. Qxa5 Ra8 18. Qd2 Ba6 19. Rfc1 Qb8 20. Rxa3 Rc8 21. Nb4
Bb5 22. Rxa8 Qxa8 23. Rxc8+ Qxc8 24. f4 e5 25. Nc2 Qa6 26. dxe5 dxe5 27. Nd1
Qc8 28. Nb4 Nc5 29. Qc2 Nbd7 30. Nc3 exf4 31. Ncd5 Qf8 32. gxf4 Ba6 33. Nxa6
Nxa6 34. e5 Qb8 35. Qc4 Bf8 36. Qxa6 Qxb3 37. Qc8 1-0

[Event "18. Blankenburger Schachturnier, A-Gr."]
[Site "?"]
[Date "2013.10.04"]
[Round "3.13"]
[White "Loos, Tobias"]
[Black "Michael, Dirk"]
[Result "0-1"]
[WhiteElo "1596"]
[BlackElo "2095"]
[PlyCount "42"]

1. d4 c5 2. e3 e6 3. Nf3 b6 4. Bd3 f5 5. Nbd2 Nf6 6. Qe2 Be7 7. c3 O-O 8. e4
fxe4 9. Nxe4 Bb7 10. Bg5 Nc6 11. h4 cxd4 12. cxd4 Nb4 13. Bb1 Rc8 14. Nxf6+
Bxf6 15. O-O Bxf3 16. Qxf3 Bxg5 17. Qh5 Bh6 18. g4 Nd5 19. g5 Nf4 20. Qg4 Bxg5
21. hxg5 Qxg5 0-1

[Event "18. Blankenburger Schachturnier, A-Gr."]
[Site "?"]
[Date "2013.10.04"]
[Round "4.1"]
[White "Tonndorf, Matthias"]
[Black "Paul, Johannes"]
[Result "1/2-1/2"]
[WhiteElo "2222"]
[BlackElo "2238"]
[PlyCount "26"]

1. e4 e6 2. d4 d5 3. e5 c5 4. c3 Nc6 5. Nf3 Bd7 6. a3 f6 7. Bd3 Qc7 8. Bf4 c4
9. Bc2 Qb6 10. Qc1 O-O-O 11. h4 Na5 12. Nbd2 f5 13. Rb1 Qa6 1/2-1/2